[Event "WCO 2016"]
[Site "?"]
[Date "2016.09.11"]
[Round "9"]
[Board "26"]
[WhiteID "3000028"]
[White "Roselli Mailhe Bernardo"]
[BlackID "4403940"]
[Black "Rios Cristhian Camilo"]
[Result "1-0"]
[BlackElo "2489"]
[WhiteElo "2434"]
[LiveChessVersion "1.4.8"]

1. d4 {[%clk 1:30:55]} Nf6 {[%clk 1:30:49]} 2. c4 {[%clk 1:31:21]} e6
{[%clk 1:31:08]} 3. Nf3 {[%clk 1:31:05]} b6 {[%clk 1:31:23]} 4. a3
{[%clk 1:31:19]} Ba6 {[%clk 1:31:47]} 5. Qc2 {[%clk 1:31:30]} Bb7
{[%clk 1:32:11]} 6. Nc3 {[%clk 1:15:45]} c5 {[%clk 1:32:28]} 7. e4
{[%clk 1:15:17]} cxd4 {[%clk 1:32:07]} 8. Nxd4 {[%clk 1:15:39]} Bc5
{[%clk 1:32:22]} 9. Nb3 {[%clk 1:15:59]} Nc6 {[%clk 1:32:47]} 10. Bf4
{[%clk 1:08:37]} e5 {[%clk 1:28:43]} 11. Bg5 {[%clk 1:03:35]} h6 {[%clk 1:29:07]}
12. Bh4 {[%clk 1:03:54]} O-O {[%clk 1:20:37]} 13. O-O-O {[%clk 1:00:00]} d6
{[%clk 1:20:22]} 14. f3 {[%clk 0:56:18]} Rc8 {[%clk 1:13:35]} 15. Kb1
{[%clk 0:49:50]} Na5 {[%clk 0:58:23]} 16. Nxc5 {[%clk 0:44:58]} bxc5
{[%clk 0:55:01]} 17. Nb5 {[%clk 0:44:44]} Rc6 {[%clk 0:55:27]} 18. Nxa7
{[%clk 0:44:00]} Rb6 {[%clk 0:55:50]} 19. Nb5 {[%clk 0:44:24]} Ba6
{[%clk 0:56:17]} 20. a4 {[%clk 0:25:42]} Qe7 {[%clk 0:53:13]} 21. Qc3
{[%clk 0:22:37]} Nb7 {[%clk 0:47:29]} 22. Be2 {[%clk 0:12:59]} Re8
{[%clk 0:41:28]} 23. Qd3 {[%clk 0:10:59]} Rc6 {[%clk 0:40:12]} 24. g4
{[%clk 0:08:37]} Qe6 {[%clk 0:39:22]} 25. Bf2 {[%clk 0:06:55]} Nd7
{[%clk 0:37:06]} 26. Qd5 {[%clk 0:06:14]} Nb8 {[%clk 0:37:31]} 27. h4
{[%clk 0:06:12]} Rb6 {[%clk 0:35:44]} 28. Nc7 {[%clk 0:05:27]} Qxd5
{[%clk 0:32:56]} 29. exd5 {[%clk 0:04:22]} Rf8 {[%clk 0:25:40]} 30. Nb5
{[%clk 0:04:34]} Bxb5 {[%clk 0:25:16]} 31. axb5 {[%clk 0:03:20]} f5
{[%clk 0:25:37]} 32. gxf5 {[%clk 0:03:12]} Rxf5 {[%clk 0:26:01]} 33. Be3
{[%clk 0:03:33]} Nd7 {[%clk 0:24:12]} 34. Rdg1 {[%clk 0:03:43]} Kf8
{[%clk 0:23:27]} 35. Rh3 {[%clk 0:04:05]} Rf7 {[%clk 0:23:47]} 36. Bd3
{[%clk 0:03:45]} Nf6 {[%clk 0:23:41]} 37. Bg6 {[%clk 0:03:56]} Re7
{[%clk 0:23:55]} 38. Kc2 {[%clk 0:04:02]} Nd8 {[%clk 0:22:34]} 39. Ra1
{[%clk 0:03:56]} Nd7 {[%clk 0:22:38]} 40. Rhh1 {[%clk 0:33:00]} Nb8
{[%clk 0:50:42]} 41. b4 {[%clk 0:29:10]} Rc7 {[%clk 0:51:06]} 42. Ra8
{[%clk 0:28:50]} Ke7 {[%clk 0:49:56]} 43. Rg1 {[%clk 0:24:46]} Nf7
{[%clk 0:47:36]} 44. bxc5 {[%clk 0:18:21]} dxc5 {[%clk 0:47:06]} 45. Bxf7
{[%clk 0:18:14]} Kxf7 {[%clk 0:47:28]} 46. d6 {[%clk 0:18:41]} Rc8
{[%clk 0:42:04]} 47. d7 {[%clk 0:18:49]} Rg8 {[%clk 0:42:26]} 48. Rd1
{[%clk 0:18:37]} Rd8 {[%clk 0:42:18]} 49. Bxc5 {[%clk 0:18:14]} Rb7
{[%clk 0:42:43]} 50. Bd6 {[%clk 0:15:05]} 1-0

[Event "WCO 2016"]
[Site "?"]
[Date "2016.09.11"]
[Round "9"]
[Board "27"]
[WhiteID "4400801"]
[White "Escobar Forero Alder"]
[BlackID "3000508"]
[Black "Larrea Manuel"]
[Result "1-0"]
[BlackElo "2279"]
[WhiteElo "2510"]
[LiveChessVersion "1.4.8"]

1. e4 {[%clk 1:30:55]} c5 {[%clk 1:30:54]} 2. Nf3 {[%clk 1:31:20]} Nc6
{[%clk 1:31:18]} 3. Bb5 {[%clk 1:31:44]} g6 {[%clk 1:31:42]} 4. O-O
{[%clk 1:32:06]} Bg7 {[%clk 1:32:10]} 5. Nc3 {[%clk 1:32:30]} Nd4
{[%clk 1:26:48]} 6. Bc4 {[%clk 1:32:16]} d6 {[%clk 1:26:21]} 7. d3
{[%clk 1:28:20]} Nf6 {[%clk 1:18:05]} 8. h3 {[%clk 1:25:11]} O-O {[%clk 1:13:45]}
9. a4 {[%clk 1:24:02]} e6 {[%clk 0:53:14]} 10. Bf4 {[%clk 1:11:42]} b6
{[%clk 0:49:31]} 11. Ba2 {[%clk 0:49:31]} Bb7 {[%clk 0:47:30]} 12. Re1
{[%clk 0:46:41]} a6 {[%clk 0:40:39]} 13. Nxd4 {[%clk 0:41:17]} cxd4
{[%clk 0:41:01]} 14. Ne2 {[%clk 0:41:35]} e5 {[%clk 0:28:53]} 15. Bh2
{[%clk 0:39:27]} Nd7 {[%clk 0:22:19]} 16. c3 {[%clk 0:31:58]} dxc3
{[%clk 0:19:50]} 17. Nxc3 {[%clk 0:31:05]} Nc5 {[%clk 0:19:51]} 18. Bd5
{[%clk 0:21:24]} Bxd5 {[%clk 0:14:17]} 19. Nxd5 {[%clk 0:21:47]} b5
{[%clk 0:10:09]} 20. a5 {[%clk 0:21:20]} f5 {[%clk 0:08:52]} 21. b4
{[%clk 0:09:43]} Ne6 {[%clk 0:09:17]} 22. Nb6 {[%clk 0:09:30]} Nd4
{[%clk 0:05:36]} 23. Nxa8 {[%clk 0:09:39]} Qxa8 {[%clk 0:06:03]} 24. f3
{[%clk 0:09:43]} Bh6 {[%clk 0:05:16]} 25. Kh1 {[%clk 0:09:41]} Qd8
{[%clk 0:04:57]} 26. exf5 {[%clk 0:08:37]} Rxf5 {[%clk 0:04:12]} 27. Re4
{[%clk 0:09:04]} Kh8 {[%clk 0:03:37]} 28. Qg1 {[%clk 0:08:07]} Qc7
{[%clk 0:02:24]} 29. f4 {[%clk 0:06:50]} Nb3 {[%clk 0:01:18]} 30. Rae1
{[%clk 0:06:53]} exf4 {[%clk 0:00:42]} 31. Qb6 {[%clk 0:04:02]} Qc3
{[%clk 0:00:37]} 32. Qxd6 {[%clk 0:04:21]} Bf8 {[%clk 0:00:36]} 33. Qd8
{[%clk 0:01:45]} Kg7 {[%clk 0:00:46]} 34. Qd7+ {[%clk 0:00:58]} Rf7
{[%clk 0:00:47]} 35. Qd5 {[%clk 0:01:27]} Bxb4 {[%clk 0:01:04]} 36. Rb1
{[%clk 0:01:09]} Nd2 {[%clk 0:00:41]} 37. Rexb4 {[%clk 0:01:18]} Nxb1
{[%clk 0:00:37]} 38. Rxb1 {[%clk 0:01:46]} Qxa5 {[%clk 0:00:58]} 39. Qe5+
{[%clk 0:01:48]} 1-0

[Event "WCO 2016"]
[Site "?"]
[Date "2016.09.11"]
[Round "9"]
[Board "28"]
[WhiteID "3001717"]
[White "Coppola Claudio"]
[BlackID "4401824"]
[Black "Barrientos Sergio E"]
[Result "0-1"]
[BlackElo "2465"]
[WhiteElo "2230"]
[LiveChessVersion "1.4.8"]

1. d4 {[%clk 1:30:57]} Nf6 {[%clk 1:30:56]} 2. c4 {[%clk 1:31:21]} e6
{[%clk 1:31:22]} 3. g3 {[%clk 1:31:46]} b6 {[%clk 1:31:46]} 4. Bg2
{[%clk 1:32:10]} c6 {[%clk 1:32:02]} 5. Nf3 {[%clk 1:32:32]} d5 {[%clk 1:32:26]}
6. O-O {[%clk 1:32:49]} Be7 {[%clk 1:32:42]} 7. Qc2 {[%clk 1:33:07]} O-O
{[%clk 1:32:58]} 8. Bf4 {[%clk 1:33:22]} Bb7 {[%clk 1:32:34]} 9. Rd1
{[%clk 1:33:38]} a5 {[%clk 1:28:18]} 10. Ne5 {[%clk 1:32:46]} Na6
{[%clk 1:26:54]} 11. a3 {[%clk 1:31:19]} Rc8 {[%clk 1:22:07]} 12. Nc3
{[%clk 1:30:37]} b5 {[%clk 1:04:46]} 13. c5 {[%clk 1:30:18]} Nd7 {[%clk 1:03:48]}
14. Nxd7 {[%clk 1:12:19]} Qxd7 {[%clk 1:04:13]} 15. e4 {[%clk 1:12:14]} Ra8
{[%clk 0:54:22]} 16. h4 {[%clk 1:09:27]} Nc7 {[%clk 0:52:09]} 17. Bf1
{[%clk 1:04:10]} Ba6 {[%clk 0:48:01]} 18. b4 {[%clk 1:00:42]} dxe4
{[%clk 0:44:00]} 19. Bxc7 {[%clk 0:55:47]} Qxc7 {[%clk 0:44:06]} 20. Qxe4
{[%clk 0:54:38]} Bb7 {[%clk 0:40:46]} 21. Bd3 {[%clk 0:41:21]} g6
{[%clk 0:40:47]} 22. Qe5 {[%clk 0:41:25]} Qd7 {[%clk 0:36:58]} 23. h5
{[%clk 0:39:36]} Rfd8 {[%clk 0:34:20]} 24. hxg6 {[%clk 0:13:52]} hxg6
{[%clk 0:34:38]} 25. Be4 {[%clk 0:11:54]} Bf8 {[%clk 0:33:24]} 26. Qf4
{[%clk 0:08:17]} Bg7 {[%clk 0:31:05]} 27. Ne2 {[%clk 0:07:55]} Ra7
{[%clk 0:29:01]} 28. a4 {[%clk 0:06:29]} bxa4 {[%clk 0:13:33]} 29. Rxa4
{[%clk 0:06:43]} e5 {[%clk 0:13:13]} 30. Qg5 {[%clk 0:05:39]} Rda8
{[%clk 0:08:58]} 31. f4 {[%clk 0:01:51]} Ba6 {[%clk 0:07:28]} 32. Rd2
{[%clk 0:01:26]} exd4 {[%clk 0:06:19]} 33. bxa5 {[%clk 0:01:00]} d3
{[%clk 0:06:10]} 34. Nc1 {[%clk 0:00:48]} Bb5 {[%clk 0:06:13]} 35. Ra3
{[%clk 0:00:40]} Qd4+ {[%clk 0:06:36]} 36. Kh2 {[%clk 0:00:39]} Qxe4
{[%clk 0:06:56]} 37. Nxd3 {[%clk 0:00:56]} Rd7 {[%clk 0:06:59]} 0-1

[Event "WCO 2016"]
[Site "?"]
[Date "2016.09.11"]
[Round "9"]
[Board "29"]
[WhiteID "4700236"]
[White "Dervishi Erald"]
[BlackID "600423"]
[Black "Marciano David"]
[Result "1-0"]
[BlackElo "2475"]
[WhiteElo "2564"]
[LiveChessVersion "1.4.8"]

1. e4 {[%clk 1:30:33]} e5 {[%clk 1:30:56]} 2. Nf3 {[%clk 1:30:59]} Nc6
{[%clk 1:31:24]} 3. Bb5 {[%clk 1:31:16]} Nf6 {[%clk 1:31:49]} 4. O-O
{[%clk 1:29:50]} Nxe4 {[%clk 1:32:17]} 5. d4 {[%clk 1:29:45]} Be7
{[%clk 1:32:40]} 6. dxe5 {[%clk 1:24:41]} O-O {[%clk 1:33:04]} 7. Qd5
{[%clk 1:17:08]} Nc5 {[%clk 1:33:30]} 8. Be3 {[%clk 1:10:46]} a6 {[%clk 1:33:56]}
9. Bc4 {[%clk 1:08:50]} d6 {[%clk 1:27:14]} 10. exd6 {[%clk 0:55:29]} Qxd6
{[%clk 1:27:40]} 11. Nc3 {[%clk 0:53:41]} Nb4 {[%clk 1:06:06]} 12. Qxd6
{[%clk 0:51:19]} Bxd6 {[%clk 1:06:31]} 13. Nd4 {[%clk 0:51:03]} Ne6
{[%clk 1:00:32]} 14. Nxe6 {[%clk 0:38:25]} Bxe6 {[%clk 1:00:53]} 15. Bxe6
{[%clk 0:38:39]} fxe6 {[%clk 1:01:19]} 16. Rac1 {[%clk 0:38:54]} Nd5
{[%clk 1:01:24]} 17. Bd2 {[%clk 0:38:00]} Be5 {[%clk 0:46:53]} 18. Ne4
{[%clk 0:29:42]} Bxb2 {[%clk 0:46:59]} 19. Rb1 {[%clk 0:30:06]} Bd4
{[%clk 0:47:22]} 20. Rxb7 {[%clk 0:30:30]} Rab8 {[%clk 0:46:52]} 21. Rb3
{[%clk 0:26:34]} h6 {[%clk 0:42:15]} 22. c3 {[%clk 0:23:04]} Rxb3
{[%clk 0:40:50]} 23. axb3 {[%clk 0:23:28]} Bb6 {[%clk 0:41:17]} 24. Ra1
{[%clk 0:15:05]} a5 {[%clk 0:34:21]} 25. Kf1 {[%clk 0:15:24]} Nf6
{[%clk 0:34:18]} 26. Nxf6+ {[%clk 0:15:20]} Rxf6 {[%clk 0:34:43]} 27. f3
{[%clk 0:14:37]} Rf5 {[%clk 0:32:14]} 28. c4 {[%clk 0:14:02]} Kf7
{[%clk 0:24:37]} 29. Ke2 {[%clk 0:14:16]} h5 {[%clk 0:24:20]} 30. h3
{[%clk 0:14:34]} h4 {[%clk 0:24:15]} 31. Kd3 {[%clk 0:13:21]} Kf6
{[%clk 0:20:59]} 32. Bc3+ {[%clk 0:13:10]} Kf7 {[%clk 0:21:24]} 33. Ke4
{[%clk 0:12:57]} Rg5 {[%clk 0:20:58]} 34. Ra2 {[%clk 0:13:26]} Rf5
{[%clk 0:20:21]} 35. Be5 {[%clk 0:11:11]} g6 {[%clk 0:19:23]} 36. Rc2
{[%clk 0:10:31]} Ke8 {[%clk 0:19:37]} 37. c5 {[%clk 0:03:17]} Ba7
{[%clk 0:20:03]} 38. c6 {[%clk 0:03:08]} Bb6 {[%clk 0:20:28]} 39. Rd2
{[%clk 0:03:16]} Rg5 {[%clk 0:20:52]} 40. Rd8+ {[%clk 0:32:48]} Ke7
{[%clk 0:50:51]} 41. Rd7+ {[%clk 0:32:59]} Ke8 {[%clk 0:51:13]} 42. Rd2
{[%clk 0:14:46]} Ke7 {[%clk 0:51:38]} 43. Re2 {[%clk 0:15:08]} Kf7
{[%clk 0:52:02]} 44. Kd3 {[%clk 0:14:21]} Bf2 {[%clk 0:50:18]} 45. Kc4
{[%clk 0:11:26]} Bg3 {[%clk 0:50:43]} 46. f4 {[%clk 0:10:43]} Rf5
{[%clk 0:51:07]} 47. Re4 {[%clk 0:10:55]} g5 {[%clk 0:51:33]} 48. Bxc7
{[%clk 0:10:34]} gxf4 {[%clk 0:51:59]} 49. Bb6 {[%clk 0:08:22]} f3
{[%clk 0:52:10]} 50. gxf3 {[%clk 0:08:43]} Rxf3 {[%clk 0:52:36]} 51. c7
{[%clk 0:08:45]} Bxc7 {[%clk 0:52:57]} 52. Bxc7 {[%clk 0:09:09]} Rxh3
{[%clk 0:53:22]} 53. Bxa5 {[%clk 0:09:34]} Rh1 {[%clk 0:53:40]} 54. b4
{[%clk 0:07:20]} h3 {[%clk 0:53:59]} 55. Kb5 {[%clk 0:07:45]} Rf1
{[%clk 0:52:52]} 56. Bc7 {[%clk 0:07:35]} Ke7 {[%clk 0:53:19]} 57. Kb6
{[%clk 0:07:55]} 1-0

[Event "WCO 2016"]
[Site "?"]
[Date "2016.09.11"]
[Round "9"]
[Board "30"]
[WhiteID "654183"]
[White "Villegas Pierre"]
[BlackID "4700600"]
[Black "Mehmeti Dritan"]
[Result "1/2-1/2"]
[BlackElo "2415"]
[WhiteElo "2329"]
[LiveChessVersion "1.4.8"]

1. d4 {[%clk 1:30:56]} g6 {[%clk 1:30:25]} 2. c4 {[%clk 1:31:11]} Bg7
{[%clk 1:30:40]} 3. e4 {[%clk 1:31:35]} d6 {[%clk 1:30:53]} 4. Nc3
{[%clk 1:31:44]} Nf6 {[%clk 1:30:53]} 5. Be2 {[%clk 1:31:15]} O-O
{[%clk 1:30:46]} 6. Nf3 {[%clk 1:31:39]} c5 {[%clk 1:30:03]} 7. O-O
{[%clk 1:31:48]} Nc6 {[%clk 1:20:46]} 8. d5 {[%clk 1:30:02]} Na5 {[%clk 1:20:01]}
9. h3 {[%clk 1:22:17]} e5 {[%clk 1:15:22]} 10. a3 {[%clk 1:19:17]} b6
{[%clk 1:11:30]} 11. b4 {[%clk 1:18:37]} Nb7 {[%clk 1:10:17]} 12. Ne1
{[%clk 1:16:01]} Nd7 {[%clk 1:04:54]} 13. Nd3 {[%clk 1:11:07]} f5
{[%clk 1:04:24]} 14. Bd2 {[%clk 0:59:05]} f4 {[%clk 1:00:13]} 15. g4
{[%clk 0:42:15]} Qh4 {[%clk 0:48:08]} 16. Kg2 {[%clk 0:41:08]} h5
{[%clk 0:47:28]} 17. Rh1 {[%clk 0:31:53]} Nf6 {[%clk 0:45:22]} 18. gxh5
{[%clk 0:28:57]} Nxh5 {[%clk 0:41:04]} 19. Ne1 {[%clk 0:23:35]} Nd8
{[%clk 0:38:55]} 20. Bxh5 {[%clk 0:21:16]} gxh5 {[%clk 0:37:01]} 21. Nf3
{[%clk 0:21:41]} Qf6 {[%clk 0:35:36]} 22. Kf1 {[%clk 0:20:47]} Nf7
{[%clk 0:35:19]} 23. Ke2 {[%clk 0:19:03]} Bd7 {[%clk 0:29:21]} 24. bxc5
{[%clk 0:15:04]} bxc5 {[%clk 0:27:32]} 25. Kd3 {[%clk 0:13:24]} Rab8
{[%clk 0:26:44]} 26. Qc2 {[%clk 0:12:32]} Bh6 {[%clk 0:25:32]} 27. a4
{[%clk 0:09:59]} a6 {[%clk 0:22:31]} 28. a5 {[%clk 0:09:24]} Kh7 {[%clk 0:20:23]}
29. Rab1 {[%clk 0:07:53]} Ng5 {[%clk 0:19:26]} 30. Nxg5+ {[%clk 0:06:06]} Qxg5
{[%clk 0:19:34]} 31. Rxb8 {[%clk 0:05:52]} Rxb8 {[%clk 0:19:54]} 32. Rb1
{[%clk 0:02:43]} Rxb1 {[%clk 0:15:13]} 33. Qxb1 {[%clk 0:03:12]} Bxh3
{[%clk 0:15:34]} 34. Qb7+ {[%clk 0:03:08]} Qg7 {[%clk 0:13:47]} 35. Qxa6
{[%clk 0:03:37]} Bf1+ {[%clk 0:13:19]} 36. Kc2 {[%clk 0:04:06]} h4
{[%clk 0:12:56]} 37. Qc8 {[%clk 0:02:34]} Bxc4 {[%clk 0:11:59]} 38. f3
{[%clk 0:01:41]} Bf1 {[%clk 0:10:27]} 39. a6 {[%clk 0:01:23]} h3 {[%clk 0:05:11]}
40. Nd1 {[%clk 0:31:06]} h2 {[%clk 0:33:45]} 41. Nf2 {[%clk 0:30:38]} Bxa6
{[%clk 0:24:39]} 42. Qxa6 {[%clk 0:30:29]} Qg2 {[%clk 0:24:58]} 43. Qc8
{[%clk 0:28:35]} Qxf2 {[%clk 0:20:31]} 44. Qf5+ {[%clk 0:28:45]} Kh8
{[%clk 0:20:31]} 45. Qc8+ {[%clk 0:28:46]} Kg7 {[%clk 0:19:29]} 46. Qd7+
{[%clk 0:28:41]} 1/2-1/2

[Event "WCO 2016"]
[Site "?"]
[Date "2016.09.11"]
[Round "9"]
[Board "31"]
[WhiteID "4701178"]
[White "Pasko Llambi"]
[BlackID "806404"]
[Black "Efimov Igor"]
[Result "0-1"]
[BlackElo "2374"]
[WhiteElo "2316"]
[LiveChessVersion "1.4.8"]

1. d4 {[%clk 1:30:58]} d6 {[%clk 1:30:15]} 2. c4 {[%clk 1:31:04]} e5
{[%clk 1:29:44]} 3. Nc3 {[%clk 1:28:32]} Nd7 {[%clk 1:28:17]} 4. Nf3
{[%clk 1:27:14]} Ngf6 {[%clk 1:27:19]} 5. g3 {[%clk 1:25:22]} c6 {[%clk 1:26:49]}
6. Bg2 {[%clk 1:25:05]} Be7 {[%clk 1:22:07]} 7. O-O {[%clk 1:25:07]} O-O
{[%clk 1:22:34]} 8. Qc2 {[%clk 1:22:42]} Re8 {[%clk 1:06:21]} 9. Rd1
{[%clk 1:20:22]} Qc7 {[%clk 1:06:33]} 10. b3 {[%clk 1:20:46]} Bf8
{[%clk 1:03:38]} 11. h3 {[%clk 1:17:39]} a6 {[%clk 1:00:01]} 12. e4
{[%clk 1:15:53]} b5 {[%clk 0:53:26]} 13. Be3 {[%clk 1:15:17]} Bb7
{[%clk 0:51:09]} 14. c5 {[%clk 1:07:55]} dxc5 {[%clk 0:40:46]} 15. dxe5
{[%clk 1:08:19]} Nxe5 {[%clk 0:41:09]} 16. Nxe5 {[%clk 1:08:39]} Qxe5
{[%clk 0:41:32]} 17. f4 {[%clk 1:08:53]} Qe6 {[%clk 0:41:05]} 18. e5
{[%clk 0:58:27]} c4 {[%clk 0:36:18]} 19. Bf2 {[%clk 0:54:40]} cxb3
{[%clk 0:36:38]} 20. axb3 {[%clk 0:55:02]} Nd5 {[%clk 0:36:47]} 21. Ne4
{[%clk 0:54:57]} Qg6 {[%clk 0:33:31]} 22. Kh2 {[%clk 0:39:04]} Rad8
{[%clk 0:28:49]} 23. Bc5 {[%clk 0:37:25]} Bc8 {[%clk 0:27:07]} 24. Bxf8
{[%clk 0:34:14]} Rxf8 {[%clk 0:25:44]} 25. Qc5 {[%clk 0:34:34]} Bxh3
{[%clk 0:25:47]} 26. Bxh3 {[%clk 0:29:46]} Qxe4 {[%clk 0:26:08]} 27. Bg2
{[%clk 0:30:14]} Qg6 {[%clk 0:22:55]} 28. Bf3 {[%clk 0:24:06]} h5
{[%clk 0:21:07]} 29. Rxa6 {[%clk 0:15:54]} h4 {[%clk 0:21:23]} 30. g4
{[%clk 0:16:21]} Nxf4 {[%clk 0:21:18]} 31. Rxc6 {[%clk 0:16:48]} Ne6
{[%clk 0:21:06]} 32. Qc1 {[%clk 0:11:39]} Rxd1 {[%clk 0:20:42]} 33. Qxd1
{[%clk 0:09:24]} Qg5 {[%clk 0:20:57]} 34. Qd5 {[%clk 0:08:47]} Qf4+
{[%clk 0:18:46]} 35. Kh1 {[%clk 0:08:51]} Ra8 {[%clk 0:15:39]} 36. Bd1
{[%clk 0:06:16]} Qf1+ {[%clk 0:08:04]} 37. Kh2 {[%clk 0:06:33]} Qf2+
{[%clk 0:08:15]} 38. Qg2 {[%clk 0:05:29]} Qf4+ {[%clk 0:08:19]} 39. Kh3
{[%clk 0:05:25]} Qe3+ {[%clk 0:06:16]} 40. Kh2 {[%clk 0:33:16]} Rd8
{[%clk 0:36:16]} 41. Qf3 {[%clk 0:30:18]} Rd2+ {[%clk 0:36:10]} 0-1

[Event "WCO 2016"]
[Site "?"]
[Date "2016.09.11"]
[Round "9"]
[Board "32"]
[WhiteID "5400040"]
[White "Ribbegren Karl Johan"]
[BlackID "4700031"]
[Black "Seitaj Ilir"]
[Result "0-1"]
[BlackElo "2374"]
[WhiteElo "2267"]
[LiveChessVersion "1.4.8"]

1. Nf3 {[%clk 1:30:57]} Nf6 {[%clk 1:30:50]} 2. d4 {[%clk 1:29:27]} e6
{[%clk 1:31:06]} 3. Nbd2 {[%clk 1:27:45]} c5 {[%clk 1:30:50]} 4. e3
{[%clk 1:26:53]} b6 {[%clk 1:29:48]} 5. Bd3 {[%clk 1:26:10]} Bb7 {[%clk 1:30:08]}
6. O-O {[%clk 1:25:54]} Be7 {[%clk 1:30:31]} 7. b3 {[%clk 1:25:44]} O-O
{[%clk 1:29:41]} 8. Bb2 {[%clk 1:25:46]} d6 {[%clk 1:29:29]} 9. Re1
{[%clk 1:23:24]} Nbd7 {[%clk 1:28:57]} 10. c4 {[%clk 1:20:39]} Rc8 11. Qe2 Qc7
{[%clk 1:25:22]} 12. e4 {[%clk 1:16:34]} cxd4 {[%clk 1:25:36]} 13. Nxd4
{[%clk 1:16:12]} Rfe8 {[%clk 1:24:22]} 14. Rad1 {[%clk 1:14:32]} Bf8
{[%clk 1:24:18]} 15. Bb1 {[%clk 1:08:23]} a6 {[%clk 1:22:44]} 16. Nf1
{[%clk 1:05:08]} Qb8 {[%clk 1:20:31]} 17. Ng3 {[%clk 1:02:48]} Qa8
{[%clk 1:15:20]} 18. Nh5 {[%clk 0:58:08]} Nxh5 {[%clk 1:12:06]} 19. Qxh5
{[%clk 0:58:33]} Nf6 {[%clk 1:11:13]} 20. Qh4 {[%clk 0:45:24]} Rc5
{[%clk 1:06:37]} 21. f3 {[%clk 0:42:37]} b5 {[%clk 1:04:03]} 22. cxb5
{[%clk 0:34:56]} axb5 {[%clk 1:04:24]} 23. b4 {[%clk 0:34:45]} Rh5
{[%clk 0:58:43]} 24. Qf2 {[%clk 0:34:26]} d5 {[%clk 0:57:45]} 25. e5
{[%clk 0:26:46]} Nd7 {[%clk 0:57:52]} 26. a3 {[%clk 0:25:54]} Nxe5
{[%clk 0:54:30]} 27. Nxb5 {[%clk 0:18:20]} Qb8 {[%clk 0:51:19]} 28. h4
{[%clk 0:07:34]} Nc4 {[%clk 0:49:45]} 29. Bc1 {[%clk 0:07:05]} Ba8
{[%clk 0:49:35]} 30. Nc3 {[%clk 0:05:41]} Rc8 {[%clk 0:46:55]} 31. Ne2
{[%clk 0:03:53]} Be7 {[%clk 0:46:04]} 32. Rd4 {[%clk 0:03:20]} Qa7
{[%clk 0:43:21]} 33. Bd3 {[%clk 0:02:11]} Bxh4 {[%clk 0:40:09]} 34. Rxh4
{[%clk 0:01:14]} Qxf2+ {[%clk 0:40:24]} 35. Kxf2 {[%clk 0:01:42]} Rxh4
{[%clk 0:40:52]} 36. Kg3 {[%clk 0:01:09]} Rh5 {[%clk 0:40:17]} 37. f4
{[%clk 0:01:29]} e5 {[%clk 0:39:50]} 38. Kg4 {[%clk 0:01:19]} g6 {[%clk 0:39:38]}
39. f5 {[%clk 0:00:43]} e4 {[%clk 0:37:12]} 40. Bxc4 0-1

[Event "WCO 2016"]
[Site "?"]
[Date "2016.09.11"]
[Round "9"]
[Board "29"]
[WhiteID "4901266"]
[White "Munkhgal Gombosuren"]
[BlackID "1800833"]
[Black "Jones Richard S."]
[Result "1-0"]
[BlackElo "2396"]
[WhiteElo "2446"]
[LiveChessVersion "1.4.8"]

1. d4 {[%clk 1:30:49]} d5 {[%clk 1:30:45]} 2. c4 {[%clk 1:31:07]} c6
{[%clk 1:31:11]} 3. cxd5 {[%clk 1:31:16]} cxd5 {[%clk 1:31:38]} 4. Bf4
{[%clk 1:31:42]} Nf6 {[%clk 1:31:47]} 5. Nc3 {[%clk 1:32:06]} Nc6
{[%clk 1:32:13]} 6. e3 {[%clk 1:32:33]} Bf5 {[%clk 1:32:38]} 7. Qb3
{[%clk 1:32:56]} Na5 {[%clk 1:32:30]} 8. Bb5+ {[%clk 1:33:21]} Bd7
{[%clk 1:31:02]} 9. Qd1 {[%clk 1:33:46]} e6 {[%clk 1:24:50]} 10. Bd3
{[%clk 1:33:38]} Bb4 {[%clk 1:22:12]} 11. Nf3 {[%clk 1:33:50]} Rc8
{[%clk 1:21:28]} 12. O-O {[%clk 1:34:08]} O-O {[%clk 1:13:07]} 13. Ne5
{[%clk 1:33:42]} Nc6 {[%clk 1:08:29]} 14. Bg5 {[%clk 1:33:17]} Be7
{[%clk 1:06:25]} 15. f4 {[%clk 1:31:32]} Ne8 {[%clk 0:32:30]} 16. Bxe7
{[%clk 1:19:33]} Qxe7 {[%clk 0:31:43]} 17. Rc1 {[%clk 1:15:55]} Nd6
{[%clk 0:26:15]} 18. f5 {[%clk 0:56:16]} Nxe5 {[%clk 0:18:23]} 19. f6
{[%clk 0:56:31]} gxf6 {[%clk 0:18:34]} 20. dxe5 {[%clk 0:53:28]} fxe5
{[%clk 0:16:39]} 21. Bxh7+ {[%clk 0:53:32]} Kxh7 {[%clk 0:16:08]} 22. Qh5+
{[%clk 0:53:54]} Kg8 {[%clk 0:16:07]} 23. Rf3 {[%clk 0:44:44]} Nf5
{[%clk 0:15:03]} 24. Rh3 {[%clk 0:45:05]} f6 {[%clk 0:15:16]} 25. Qh8+
{[%clk 0:42:49]} Kf7 {[%clk 0:15:43]} 26. Qh5+ {[%clk 0:43:12]} Kg8
{[%clk 0:16:01]} 27. e4 {[%clk 0:30:34]} Ng7 {[%clk 0:11:43]} 28. Qh7+
{[%clk 0:30:49]} Kf7 {[%clk 0:12:09]} 29. Rg3 {[%clk 0:31:13]} Rg8
{[%clk 0:11:54]} 30. Rf1 {[%clk 0:29:23]} Qc5+ {[%clk 0:10:04]} 31. Kh1
{[%clk 0:29:46]} f5 {[%clk 0:10:17]} 32. Nxd5 {[%clk 0:19:02]} exd5
{[%clk 0:08:59]} 33. exf5 {[%clk 0:19:31]} Qc4 {[%clk 0:00:56]} 34. Qg6+
{[%clk 0:19:49]} Ke7 {[%clk 0:01:15]} 35. f6+ {[%clk 0:20:11]} Kd6
{[%clk 0:00:55]} 36. fxg7+ {[%clk 0:20:09]} Be6 {[%clk 0:01:23]} 37. Qf6
{[%clk 0:17:31]} Rc7 {[%clk 0:01:12]} 38. Rc3 {[%clk 0:10:25]} Qg4
{[%clk 0:00:56]} 39. Rxc7 {[%clk 0:08:51]} Kxc7 {[%clk 0:01:23]} 40. Qe7+
{[%clk 0:38:48]} Kb8 {[%clk 0:30:40]} 41. Qd6+ {[%clk 0:38:43]} Ka8
{[%clk 0:30:27]} 42. Qf8+ {[%clk 0:38:51]} 1-0